| 000 | 01011nam a22003017i 4500 | ||
|---|---|---|---|
| 003 | EG-GICUC | ||
| 005 | 20260415113644.0 | ||
| 008 | 260415s1949 uk ||||fr|||| 00| 0 eng d | ||
| 040 |
_aEG-GiCUC _beng _cEG-GiCUC _dEG-GiCUC _erda |
||
| 041 |
_aeng _heng |
||
| 082 | 0 | 4 |
_221 _a330.1 _bHA . T |
| 092 | 0 | 4 | _221 |
| 099 | _aLaw 13 330.1 HA . T 1949 | ||
| 100 | 1 |
_aHarrod, Henry Roy Forbes _eAuthor. |
|
| 245 | 1 | 0 |
_aTowards a Dynamic Economics : _cSome recent developments of economic theory and their application to policy / _bBy R. F. Harrod. |
| 264 | 0 | 1 |
_aLondon; _bMacmillan, _c1949. |
| 300 |
_a168 pages : _billustrations, _c24 cm |
||
| 336 |
_2rda content _atext |
||
| 337 |
_2rda media _aComputer |
||
| 338 |
_2rda carrier _aOnline Resource |
||
| 504 | _aBibliography: pages 200-250. | ||
| 546 | _aText in English | ||
| 650 | 1 |
_aPublic finance and tax legislation _2qrmak |
|
| 651 | 1 | _2qrmak | |
| 856 | 4 | 0 | _uhttps://fll.law.cu.edu.eg/fulltext/bks/B13-01008.pdf |
| 905 | _a31 | ||
| 942 |
_2ddc _cBK _e21 _n0 |
||
| 999 |
_c71032 _d71032 |
||